00575nam a22001697a 450000500170000001000130001702000260003003500130005603700290006903700190009808200080011710000220012524501200014726000470026727000620031430000290037620110624114743.0 aB-430937 a9780195626162c495.00 aB-430937 bOxford University Press  bAllied Pub/Ven a954 aCohn, Bernard S.  aAn anthropologist among the historians and other essays /cby Bernard S. Cohn with an introduction by Ranajit Guha  aNew Delhi bOxford University Press c2010 aYMCA Library Building, Jai Singh RoadbNew Delhi e110001 axxvi, 682p. c24cm(pbk)